| 000 | 00464nam a2200181Ia 4500 | ||
|---|---|---|---|
| 005 | 20250423100436.0 | ||
| 008 | 250422s9999 xx 000 0 und d | ||
| 020 | _a9780199298143 | ||
| 050 | _aRB 127 .O94/ | ||
| 100 | _aPeter Brook, Jayne Connell, Tony Pickering | ||
| 245 | 0 | _aOxford handbook of pain management | |
| 260 | _aOxford | ||
| 260 | _bOxford University Press | ||
| 260 | _c2011 | ||
| 300 | _a366 p | ||
| 650 | _aPain--Treatment. | ||
| 942 | _cBK | ||
| 999 |
_c33316 _d33316 |
||